| 000 | 00984nas a22002533a 4500 | ||
|---|---|---|---|
| 005 | 20090722143949.0 | ||
| 008 | 020122cuuuu9999utuqr p 0 0eng | ||
| 010 | _aENG-94511 | ||
| 020 |
_a9788170493020 _c495.00 |
||
| 035 | _aEN-78044 | ||
| 037 | _bDBAD / PUB | ||
| 040 |
_adpl _bEnglish |
||
| 082 | _a387.742 | ||
| 100 | _aGupta, Sapna | ||
| 245 |
_aWinning strategies: _bserving with a smile / _cby Sapna Gupta |
||
| 260 |
_aNew Delhi _bManas Publications _c2008 |
||
| 270 |
_a4402/5A, Main Ansari Road, (Adjacent Bank of Baroda), Daryaganj, _bNew Delhi _e110002 |
||
| 300 |
_a179p. _c23cm(Hb) |
||
| 500 | _aIncludes glossary and index | ||
| 650 |
_aFlight attendants _xVocational guidance |
||
| 710 | _aLotus Development Corporation. | ||
| 942 |
_2ddc _cEN _mGUP _h387.742 |
||
| 999 |
_c28539 _d28539 |
||